Multiple Choice City Quiz – Prague - Statistics

General Stats
  • This quiz has been taken 16,194 times
    16,186 since last reset
  • The average score is 7 of 10
Answer Stats
Question Answer % Correct
What is Prague known as in its native language? Praha
89%
What historical kingdom was Prague the capital of? Bohemia
88%
Which of these authors lived in Prague? Franz Kafka
81%
Installed in 1410, Prague is home to the world's oldest working .... Astronomical clock
74%
In Jewish folklore, what is the name of the clay creature who protected the residents of Prague's Jewish Quarter? Golem
74%
In history, there have been three "Defenestrations of Prague". What is a defenestration? Throwing someone out a window
72%
What ruler is the namesake of Prague's oldest bridge and oldest university? Charles IV
67%
In what year did the Prague Spring take place? 1968
66%
What city square is named for the patron saint of Czechia? Wenceslaus Square
53%
Which river flows through Prague? Vltava
37%
No matching quizzes found
Score Distribution
Percent of People with Each Score
Percentile by Number Answered
Your Score History
You have not taken this quiz since the last reset